000 00947nam a22002777a 4500
003 DO-SdBNP
005 20211215134842.0
007 ta
008 211102b2018 dr abcd| |||| 00| 0 spa d
020 _a9789945590838
040 _aDO-SdBNP
_bspa
_cBNPHU
082 4 _222
_bB399f
100 1 _a Beddow, Megan D.
_980445
245 1 0 _aFactores claves del voluntariado dominicano /
_cMegan D. Beddow ; prólogo Natasha Despotovic.
260 _aSanto Domingo :
_bFundación Global Democracia y Desarrollo,
_c2018.
300 _a85 p. :
_bil., mapas, retrs. gráfs
_c20 cm.
490 1 _aEstudios y reflexiones
490 1 _aEconomía
500 _aIncluye datos biográficos de la autora en la página 79
504 _aBibliografía : p. 69-76
590 _aInventariado, 2021 /LP
700 1 _a Despotovic, Natasha,
_eprólogo
_974370
830 _aEstudios y reflexiones
_pEconomía
_974706
910 _aLopérez
942 _2ddc
_cLBS1
999 _c50849
_d50849